000 00427nam a2200121Ia 4500
008 220216s9999 xx 000 0 und d
100 _aKarna U.C.
245 0 _aCasting
260 _bIn: Lecture Notes of the Refresher Course for small scale latex goods manufacturers. Rubber Research Institute of India, Kottayam, India, pp. 95-104.
_c1981
650 _aCasting
650 _aSmallscale rubber manufacturing unit
942 _cBS
999 _c51005
_d51005